000 00888nam a2200289 i 4500
001 66602
003 ES-MaACL
005 20230906165727.0
007 t|
008 030310s2002 sp |||| | spa d
020 _a84-323-1105-7
080 _a162
080 _a81:16
100 1 _aBrandom, Robert B.
_931347
245 1 3 _aLa articulación de las razones
_b: una introducción al inferencialismo /
_cpor Robert B. Brandom ; [traducción de Eduardo de Bustos y Eulalia Pérez Sedeño].
260 _aMadrid :
_bSiglo XXI de España,
_c[2002]
300 _a277 p. ;
_c21 cm.
490 1 _aFilosofía
500 _aÍndice.
650 1 4 _aInferencia.
_913750
650 4 _aLenguaje y lógica.
_914350
700 1 _aBustos, Eduardo.
_932919
700 1 _aPérez Sedeño, Eulalia.
_991154
830 0 _aFilosofía
_9177836
852 _aES-MaACL
_jL-27109
999 _c66602
_d66602